Ballon d'Or Winner's by year - Statistics

General Stats
  • This quiz has been taken 44 times
  • The average score is 44 of 70
Answer Stats
Hint Answer % Correct
2017 Cristiano Ronaldo
100%
2016 Cristiano Ronaldo
100%
2014 Cristiano Ronaldo
100%
2013 Cristiano Ronaldo
100%
2008 Cristiano Ronaldo
100%
2023 Lionel Messi
100%
2021 Lionel Messi
100%
2019 Lionel Messi
100%
2015 Lionel Messi
100%
2012 Lionel Messi
100%
2011 Lionel Messi
100%
2010 Lionel Messi
100%
2009 Lionel Messi
100%
2018 Luka Modric
100%
2025 Ousmane Dembélé
100%
2024 Rodri
100%
2022 Karim Benzema
97%
2020 Robert Lewandowski
97%
2007 Kaká
92%
2006 Fabio Cannavaro
86%
2005 Ronaldinho
83%
2002 Ronaldo
81%
2004 Andriy Shevchenko
78%
2003 Pavel Nedvěd
78%
1998 Zinedine Zidane
72%
2001 Michael Owen
69%
2000 Luís Figo
67%
1999 Rivaldo
61%
1997 Ronaldo
58%
1995 George Weah
56%
1991 Jean-Pierre Papin
53%
1993 Roberto Baggio
53%
1957 Alfredo Di Stéfano
47%
1972 Franz Beckenbauer
47%
1994 Hristo Stoichkov
47%
1973 Johan Cruyff
47%
1971 Johan Cruyff
47%
1960 Luis Suárez
47%
1992 Marco van Basten
47%
1989 Marco van Basten
47%
1988 Marco van Basten
47%
1996 Matthias Sammer
47%
1985 Michel Platini
47%
1984 Michel Platini
47%
1983 Michel Platini
47%
1956 Stanley Matthews
47%
1970 Gerd Müller
44%
1974 Johan Cruyff
44%
1963 Lev Yashin
44%
1990 Lothar Matthäus
44%
1982 Paolo Rossi
44%
1987 Ruud Gullit
44%
1959 Alfredo Di Stéfano
42%
1976 Franz Beckenbauer
42%
1981 Karl-Heinz Rummenigge
42%
1980 Karl-Heinz Rummenigge
42%
1979 Kevin Keegan
42%
1978 Kevin Keegan
42%
1966 Bobby Charlton
39%
1965 Eusébio
39%
1968 George Best
39%
1969 Gianni Rivera
39%
1986 Igor Belanov
36%
1958 Raymond Kopa
36%
1977 Allan Simonsen
33%
1961 Omar Sívori
31%
1967 Flórián Albert
28%
1962 Josef Masopust
28%
1975 Oleg Blokhin
28%
1964 Denis Law
25%
No matching quizzes found
Score Distribution
Percent of People with Each Score
Percentile by Number Answered
Your Score History
You have not taken this quiz